Slovensko bez dorastu? Sociálne-paediatrické štúdium

Gespeichert in:
Bibliographische Detailangaben
1. Verfasser: Chura, Alojz J.
Weitere Verfasser: Kizlink, Karol
Format: Buch
Sprache:Slowakisch
Veröffentlicht: Bratislava Roľnícka osveta 1939
Ausgabe:1. vyd.
Schlagworte:
Tags: Tag hinzufügen
Keine Tags, Fügen Sie das erste Tag hinzu!

MARC

LEADER 00000nam a2200000 4500
001 c003814
005 20251218110016.4
041 0 |a slo 
044 |a SK 
245 1 0 |a Slovensko bez dorastu?  |b Sociálne-paediatrické štúdium  |c Alojz J. Chura, Karol Kizlink 
250 |a 1. vyd. 
264 1 |a Bratislava  |b Roľnícka osveta  |c 1939 
300 |a 1370 s. 
610 2 0 |a demografia 
610 2 0 |a 1901-1935 
610 2 0 |a Slovensko 
610 2 0 |a deti 
610 2 0 |a rodina 
610 2 0 |a starostlivosť o mládež 
610 2 0 |a starostlivosť o deti 
610 2 0 |a starostlivosť sociálna 
610 2 0 |a predpisy právne 
610 2 0 |a súdnictvo 
610 2 0 |a starostlivosť o ženy 
610 2 0 |a poistenie sociálne 
100 1 |a Chura, Alojz J. 
700 1 |a Kizlink, Karol